00674nam a22002177a 450000500170000001000150001702000260003202000260005803500130008403700130009708200080011010000310011824500870014925000110023626000400024727000440028730000450033170000320037670000240040870000240043220100813160727.0 aENG-100058 a9788189781545c330.00 a9789380599168c330.00 aEN-83590 bDBAD/PUB a510 aMukherjee, Manabendra Nath aRudiments of mathematics :cby Manabendra Nath Mukherjee...[et.al]bfor class XI / a6th ed aKolkattabAcademic Publishersc2010 a5A Bhawani Dutta LanebKolkattae700073x axxxii,939p.:bill.c24cm (pbk)e1 CD-Rom aMukhopadhyay, Parthasarathi aRoy, Srimanta Sinha aDasgupta, Sri Utpal